| 000 | 00747cab a2200229 4500 | ||
|---|---|---|---|
| 001 | WB3308-01 | ||
| 008 | 090401t1997 xxu||||| |||| 00| 0 eng d | ||
| 035 | _a(Sirsi) u55373 | ||
| 041 | _aeng | ||
| 245 | _aSmall firms get EDI warning | ||
| 260 | _c1997 | ||
| 350 | _a0 | ||
| 490 |
_aContract Journal _v19 February 1997, 12(1) |
||
| 520 | _aSmall and medium-sized construction firms are warned by the Business Round Table that they will go out of business unless they adopt Electronic Data Exhange technology. | ||
| 650 | _aBUSINESS ROUND TABLE | ||
| 650 | _aCONSTRUCTION COMPANIES | ||
| 650 | _aELECTRONIC DATA INTERCHANGE | ||
| 650 | _aELECTRONIC DATA EXCHANGE | ||
| 690 | _aBUILT ENVIRONMENT | ||
| 942 | _n0 | ||
| 948 | _c04/03/1997 | ||
| 999 |
_c33823 _d33823 |
||